Pericyclic and photochemistry: Problem solving approach (Record no. 394500)

MARC details
000 -LEADER
fixed length control field 00551 a2200205 4500
005 - DATE & TIME
control field 20260121104101.0
008 - FIXED-LENGTH DATA ELEMENTS--GENERAL INFORMATION
fixed length control field 260120b |||||||| |||| 00| 0 eng d
020 ## - ISBN
International Standard Book Number 9788119907915
Price Rs. 895.00
040 ## - CATALOGING SOURCE
Original cataloging agency VIVEKANANDA LIBRARY
082 ## - DDC NUMBER
Classification number 547.13
Book Number J41P
100 ## - MAIN ENTRY--PERSONAL NAME
Personal name Jena, Satyaban
245 ## - TITLE STATEMENT
Title Pericyclic and photochemistry: Problem solving approach
260 ## - PUBLICATION, DISTRIBUTION, ETC. (IMPRINT)
Name of publisher, distributor, etc IBS Learning
Date of publication, distribution, etc 2024
Place of publication, distribution, etc New Delhi
300 ## - PHYSICAL DESCRIPTION
Pages x, 379
650 ## - Subject
Subject Chemistry
650 ## - Subject
Subject Organic Chemistry
650 ## - Subject
Subject Photo Chemistry
700 ## - Added Entry Personal Name
Added Entry Personal Name Rout, Laxmidhar
942 ## - ADDED ENTRY ELEMENTS (KOHA)
Koha item type Books
Holdings
Withdrawn status Lost status Source of classification or shelving scheme Damaged status Not for loan Location (home branch) Sublocation or collection (holding branch) Shelving location Date acquired Koha issues (times borrowed) Koha full call number Accession No. Koha date last seen Koha item type
    Dewey Decimal Classification     VIVEKANANDA LIBRARY VIVEKANANDA LIBRARY Vivekananda Library 06/01/2026   547.13 J41P 444130 06/01/2026 Books
    Dewey Decimal Classification     VIVEKANANDA LIBRARY VIVEKANANDA LIBRARY Vivekananda Library 06/01/2026   547.13 J41P 444126 06/01/2026 Books
    Dewey Decimal Classification     VIVEKANANDA LIBRARY VIVEKANANDA LIBRARY Vivekananda Library 06/01/2026   547.13 J41P 444129 06/01/2026 Books
    Dewey Decimal Classification     VIVEKANANDA LIBRARY VIVEKANANDA LIBRARY Vivekananda Library 06/01/2026   547.13 J41P 444128 06/01/2026 Books
    Dewey Decimal Classification     VIVEKANANDA LIBRARY VIVEKANANDA LIBRARY Vivekananda Library 06/01/2026 1 547.13 J41P 444127 16/04/2026 Books
© Designed and Maintained by Vivekananda Library, MDU Rohtak